000 00239nam a2200097Ia 4500
008 230907s9999||||xx |||||||||||||| ||und||
082 _a333.7,TOP
245 0 _aTopical themes in energy and resources :
300 _axi, 270p.:
942 _cBK
999 _c597479
_d597479